000 00841nam a22002057a 4500
999 _c57168
_d57168
003 Ge_BSU
005 20191217123923.0
008 191217b xxu||||| |||| 00| 0 geo d
020 _a9789941265464
041 _ageo
_hgem
080 _a821.112.2.03=353.1 თ-80
100 _aთრაკლი, გ.
_95814
245 _aDe Profundis= De Profundis :
_b ლექსები /
_cგეორგ თრაკლი ; გერმ. თარგმნა დათო ბარბაქაძემ.
264 _aთბილისი :
_bუნივერსალი,
_c2019.
300 _a162 გვ.:
_c13 სმ.
653 _aგერმანული პოეზია
653 _aლექსები
700 _aბარბაქაძე, დავით
_eმთარგმნელი
_95815
942 _2udc
_cBK